000 00518nmm a2200157Ia 4500
008 251105s9999||||xx |||||||||||||||||und||
041 _aspa
100 _aVolkow, Verónica
245 0 _aLa mordedura de la risa :
_b Un estudio sobre la obra gráfica de Francisco Toledo
264 _a[México D.C., Mexico] :
_bFondo de Cultura Económica,
_c2016
300 _a103 páginas
490 _aCentzontle
650 _aLatin American literature
856 _uhttps://public.digitaliapublishing.com/a/64628
942 _cCF
999 _c98694
_d98694